[Event "Match 81__120'/40"]
[Site "Zürich"]
[Date "2025.??.??"]
[Round "21"]
[White "Scorpio 68000 sel. 4"]
[Black "Fidelity Excel Mach III"]
[Result "1/2-1/2"]
[Annotator "Utzinger,K"]
[WhiteElo "2043"]
[BlackElo "2020"]
[PlyCount "165"]
[EventDate "2025.??.??"]

{[%evp 0,165,30,-20,18,29,31,16,9,9,10,8,25,15,0,0,-22,-28,-22,-20,-20,-25,14,1,15,-43,-38,-71,-71,-110,-110,-110,-114,-126,-96,-97,-44,-44,-37,-24,-39,-17,-3,-79,-42,3,3,4,4,4,14,0,-3,0,6,23,24,19,14,36,15,17,15,0,18,11,22,17,72,17,17,17,17,141,24,15,23,15,24,16,14,14,30,12,30,12,26,17,24,17,29,10,17,17,62,62,62,62,59,62,62,62,62,61,84,47,61,61,61,0,6,0,22,0,0,0,0,0,0,0,0,0,14,0,0,0,0,0,0,0,0,0,0,0,0,0,0,0,0,0,0,0,0,0,0,0,0,0,0,0,0,0,0,0,0,0,0,0,0,0,0,0,0,0,0,0,0,0]} 1. c4 c5 {Match 120'/40 | Bediener: Rolf Bühler | Kommentator: Kurt Utzinger | 21. Partie: Remis | Zwischenstand: 11-10 (52,3%) für Mach III | Stand hypothetisch: 11,5-9,5 (59,5%) für Scorpio | Eröffnung: Englisch, Symmetrie Variante | Buchzüge: 7 von Scorpio, 6 von Mach III | Partieverlauf: Dieses Mal ist es der Scorpio 68000 sel. 4, der nach Buchende teilweise mit zweitklassigen Zügen aufwartet. Und schon nach 15.b4? steht Weiss auf Verlust. Aber schon kurze Zeit später geht für den Mach III jeglicher Vorteil verloren. Im 25. Zug werden die Damen getauscht. Und nach 34...axb5 steht ein ausgeglichenes und ruhiges Turmendspiel auf dem Brett. Dass bis Partieende im 83. Zug kein gravierender Fahler mehr passiert, ist den beiden Programmen hoch anzurechnen.} 2. Nc3 Nc6 3. g3 g6 4. Bg2 Bg7 5. Nf3 Nf6 6. O-O O-O {***ENDE BUCH***} 7. a3 {***ENDE BUCH*** Bewertung: = (-0.06) (49%) (+3% =92% -5%) Depth: 53/76} d5 8. cxd5 Nxd5 9. Qb3 {Keine Offenbarung, steht doch die Dame auf b3 nicht gut. So wäre Schwarz nach nun 9...Le6! etwas besser gestanden. weil man 10.Dxb7 nicht spielen dürfte. Die damit verbundenen Varianten sind aber zu tief für beide Programme, so dass 9...Le6 für unsere Oldies nicht in Frage kommt.} e6 10. d3 Na5 {Das erlaubt der weissen Dame die Rückkehr auf einen besseren Platz, während der auf a5 stehende Springer schlechter platiziert ist als auf c6. Jedenfalls steht es nun wieder ausgeglichen.} 11. Qc2 c4 12. Nb5 $6 {Dieser komisch anmutende Rösselsprung ergibt für mich keinen Sinn.} cxd3 13. Qxd3 a6 14. Nbd4 $2 $17 (14. Nc3 Nxc3 15. bxc3 Qxd3 16. exd3 Bxc3 $15 {hat dem Scorpio 68000 sel. 4 sicher nicht gefallen, wäre aber gemäss den Engines das kleinere Übel.}) 14... e5 {[#]} 15. b4 $2 $19 {[%mdl 2] ***VERLIERT***, bzw. sollte verlieren. Für die Engines ist die undurchsichtige Variante 15.Lg5 weniger ungünstig für Weiss. Nach dem Textzug sinkt der Erwartungswert für Weiss auf 0% (+0%, =1%, -99%), was einer verlorenen Stellung entspricht.} (15. Bg5 f6 16. Bd2 exd4 17. Nxd4 Ne7 18. Rfd1 Nac6 19. Qc4+ Kh8 20. Nxc6 bxc6 21. Bb4 Qe8 22. Bc5 a5 23. Rd6 {-/+ (-1.46) (6% +0% =12% -88%) Depth: 48/86}) 15... exd4 16. bxa5 Bf5 17. Qd2 d3 {Als noch stärker erweist sich 17...Sc3.} ({Rems M-091224-avx2 Rand. Op. MPV=4:} 17... Nc3 18. Bb2 Rc8 19. Rfe1 Qd7 20. Rac1 Rfd8 21. Bf1 Bg4 22. Qf4 Rc5 23. h4 Rdc8 24. Nh2 Bf5 25. h5 gxh5 26. Nf3 Bg6 27. a4 Rxa5 28. Qd2 Rd5 29. Bg2 Re8 30. Ng5 Rxg5 31. Rxc3 h4 32. e4 Rg4 33. Ra3 h5 34. f4 Rxg3 35. Rxg3 hxg3 {[%eval -248,45] [%wdl 0,2,998]}) 18. Bb2 dxe2 19. Rfe1 Bxb2 $2 $11 {Damit vergibt Schwarz seinen gesamten Vorteil. Stattdessen wäre Weiss durch 19...Sf4! in riesige Schwierigkeiten geraten. Die komplexen Varianten sind aber natürlich durch unsere Oldies nicht zu stemmen.} (19... Nf4 $1 20. Bxg7 Qxd2 21. Nxd2 Nxg2 22. Bxf8 (22. Rxe2 Kxg7 23. Kxg2 Rac8 $19) 22... Nxe1 23. Rxe1 Kxf8 24. Rxe2 Rd8 25. Nb3 Bg4 26. Re1 Rd5 27. h4 Rb5 28. Re3 Bd1 29. Nd2 Rxa5 $19) 20. Qxb2 Qxa5 21. Nd4 {Das ist nicht zu tadeln. Aber ein einfacherer Weg war die sofortige Beseitigung des lästigen Freibauern auf e2.} (21. Rxe2 Rfe8 22. Rxe8+ Rxe8 23. Qxb7 $11) 21... Bd3 22. Qxb7 Nb6 23. Qf3 Bc4 24. Nxe2 Rad8 25. Qc3 Qxc3 26. Nxc3 $11 {Die Lage hat sich beruhigt.} Rd3 27. Ne4 f5 28. Nc5 Rd2 29. Rab1 Nd7 30. Nxd7 Rxd7 31. Rec1 Be2 32. Rb2 Bb5 33. Bc6 Rd3 34. Bxb5 axb5 35. Rxb5 Rxa3 {[#] Zwischen menschlichen Spieler würde man sich jetzt die Hände zum Remis schütteln. Wir spielen weiter.} 36. Rb7 Rf7 37. Rc8+ Kg7 38. Rxf7+ Kxf7 39. Rc7+ Kg8 40. Kg2 Ra2 41. h3 h6 42. Rb7 Rc2 43. Ra7 Rb2 44. Rd7 Rc2 45. Rb7 Rc3 46. Ra7 g5 47. Ra5 f4 $6 {Der Mach III verschärft unnötig die Stellung. Nach dem Tausch der Bauern wird der schwarze f4-Bauer schwach.} 48. gxf4 gxf4 49. Rf5 Rc4 50. Kf3 Kg7 51. Rxf4 {Nun muss Schwarz gar noch ums Remis kämpfen. Bei korrekter Verteidigung muss die Partie aber friedlich enden. Weiss vermag wegen seines schwachen Bauern auf h3 keine Fortschritte zu machen.} Rc2 52. Ke4 Kg6 53. Rg4+ Kh5 54. Rg2 Kh4 55. Rh2 Rc3 56. Rh1 {Eine kritische Stellung.} h5 $1 {Erstaunlicherweise verzichtet Schwarz auf den für ihn tödlichen Bauerngewinn auf h3.} (56... Rxh3 $4 57. Rxh3+ Kxh3 58. f4 Kg4 59. f5 Kg5 60. Ke5 h5 61. f6 Kg6 62. Ke6 h4 63. f7 $18 {und gewinnt.}) 57. Rh2 Rxh3 $1 {Nun geht die Rechnung noch gerade auf, da der schwarze Freibauer bereits auf h5 steht.} 58. Rg2 (58. Rxh3+ Kxh3 59. f4 Kg2 60. f5 h4 61. f6 h3 62. f7 h2 63. f8=Q h1=Q $11) 58... Rh1 59. Rg7 Kh3 60. f4 Rf1 61. Ke5 Re1+ 62. Kd5 h4 63. f5 Rf1 64. Ke6 Re1+ 65. Kf7 Kh2 66. f6 h3 67. Kg6 Rg1+ 68. Kh6 Rf1 69. Rg6 Kh1 70. Kh7 h2 71. Kh8 Rf2 72. Kg7 Rf4 73. Kg8 Rf1 74. Kh8 Rg1 75. f7 Rf1 76. Rg7 Rf4 77. Kg8 Rf5 78. Kf8 Rf1 79. Ke8 Re1+ 80. Kd8 Rf1 81. Ke8 Re1+ 82. Kd8 Rf1 83. Ke8 {***3x REMIS***} 1/2-1/2

[Event "Match 81__120'/40"]
[Site "Zürich"]
[Date "2025.??.??"]
[Round "22"]
[White "Fidelity Excel Mach III"]
[Black "Scorpio 68000 sel. 4"]
[Result "1/2-1/2"]
[Annotator "Utzinger,K"]
[WhiteElo "2020"]
[BlackElo "2043"]
[PlyCount "194"]
[EventDate "2025.??.??"]

{[%evp 0,194,19,31,25,24,3,17,43,42,45,38,63,54,81,23,25,32,34,17,20,10,17,11,5,2,14,2,42,39,141,118,199,204,204,204,215,212,221,221,260,263,263,285,390,265,270,245,275,227,224,224,241,208,234,198,198,165,159,137,187,252,281,155,231,204,256,239,297,309,318,329,324,215,255,262,250,246,241,223,246,242,250,260,263,261,263,236,237,234,234,237,235,226,235,236,235,235,235,235,235,235,241,241,241,258,252,254,254,246,254,246,246,246,246,246,246,246,247,247,247,235,235,235,235,235,235,235,235,235,235,235,235,235,247,235,247,235,235,235,246,246,247,247,247,247,247,247,247,247,263,208,224,222,233,222,222,192,188,143,278,282,287,299,302,294,295,294,294,364,382,507,683,683,683,40,40,0,0,0,0,0,0,0,0,0,0,0,0,0,0,0,0,0,0,0,0]} 1. e4 e5 {Match 120'/40 | Bediener: Rolf Bühler | Kommentator: Kurt Utzinger | 22. Partie: Remis | Zwischenstand: 11,5-10,5 (52,2%) für Mach III | Stand hypothetisch: 11,5-10,5 (52,2%) für Scorpio | Eröffnung: Spanisch, Steinitz Verteidigung 3...d6 | Buchzüge: 5 von Scorpio, 5 von Mach III | Partieverlauf: Eine Komödie der Irrungen liefern sich die beiden Kontrahenten in dieser Partie. Dies vor allem im Endspiel, wo ich durch Einsatz von CB-Emu, MessChess, nachweisen konnte, wie wenig beide Programme von diesem aus menschlicher Sicht klaren Endspiel verstehen. Gesamthaft ist der Scorpio 68000 sel. 4 sieben (7) Mal in eine verlorene Stellung geraten. Sein Gegner, der Mach III, hat ebenso viele Male seinen Vorteil nicht nutzen können, weshalb es am Ende mit einem für das Kittinger Programm sehr glücklichen Remis ausging.} 2. Nf3 Nc6 3. Bb5 d6 4. d4 Bd7 5. Nc3 {***ENDE BUCH***} Nf6 {***ENDE BUCH*** Stockfish 17.1 Bewertung: +/- 1.01(79%)/42} 6. d5 {Üblicher sind 6.0-0 oder 6.Lxc6. Nun muss Schwarz einen wichtigen Entscheid treffen zwischen 6...Sb8 oder 6...Se7. Die Wahl ist mehr oder weniger Geschmacksache.} Nb8 {Das erlaubt eine etwas schnellere Entwicklung mit rasch Le7 und 0-0.} (6... Ne7 {erlaubt verschiedene Pläne: a) mit der Aufstellung Sg6 und Le7 und b) g6 nebst Lg7 mit einem königsindischen Aufbau, wobei auch Zentrumsanrempelung durch c6 eine Option ist.}) 7. Bxd7+ Nbxd7 8. Be3 Be7 9. Qe2 c6 10. O-O cxd5 11. exd5 O-O 12. Rad1 {Hier hat dieser Turm keine sinnvolle Verwendung. Meine Engine auf Suchtiefe 52 spuckt folgende Variante aus:} ({Rems M-091224-bmi2:} 12. Nd2 Ne8 13. Nc4 f5 14. f3 Rf7 15. Kh1 a6 16. a4 Bg5 17. Bg1 Qf6 18. Rae1 Qh6 19. Qd3 g6 20. g3 Rc8 21. Re2 Bf6 22. Nd1 Bg7 23. Qb3 Bf8 24. Rg2 Ng7 25. Nb6 Nxb6 26. Bxb6 Ne8 27. c4 Nf6 28. Bg1 Qh3 29. Re1 Qh5 30. Nf2 Bh6 31. a5 {[%eval 12,52] [%wdl 32,956,12]}) 12... Qa5 13. Nh4 {Der Springer möchte sich auf f5 einnisten, was mit 13...g6 verhindert werden kann. Und danach steht der Springer nicht mehr optimal. Die Engines präferieren 13.Sd2, weil 13...Sxd5 schlechter wäre als 13...Tc8. Aber solche Abspiele sind nicht für unsere Oldies gedacht.} Rfe8 $14 {während 13...g6 mit  zu bewerten wäre.} 14. Nf5 {Bewertung: +/= (0.32) (53%) Depth: 46/71} {[#]} Rac8 $2 {[%mdl 2] ***VERLUSTZUG Nr. 1***, bzw. legt den Grundstein zur möglichen Niederlage. Bewertung: +- (2.42) (100% +100% =0% -0%) Depth: 54/77} 15. Nb5 $1 {Diesen Springerzug hat der Mach III sicher erkannt mit Doppelangriff auf die Bauern a7 und d6, sich aber gedacht, Schwarz könne sich am weissen Bauern a2 revanchieren.} Qxa2 {Da selbst Stockfish 17.1 keine genügende Verteidigung mehr findet, macht es wenig Sinn, diesen Bauernschnapp zu verurteilen.} ({Stockfish 17.1:} 15... Qa6 16. c4 Bf8 17. b3 g6 18. Nh6+ Bxh6 19. Bxh6 Nh5 20. Qe3 f5 21. a4 Red8 22. f4 Ndf6 23. Bg5 Re8 24. fxe5 Rxe5 25. Qxa7 Qxa7+ 26. Nxa7 Rce8 27. Nb5 Ne4 28. Bc1 R5e7 29. Bb2 Rd8 30. Rde1 Kf7 31. Bd4 Nhf6 32. Bb6 Rde8 33. a5 h5 34. h4 Rc8 35. Re2 Rd7 36. Rfe1 Ng4 37. Nd4 Ne5 38. Ne6 Ra8 39. Re3 Ng4 40. Rd3 Rc8 41. Rdd1 Ne5 42. Ng5+ Nxg5 43. hxg5 Re7 44. Bd4 Rce8 45. Bxe5 Rxe5 46. Rxe5 Rxe5 {[%eval 262,47] [%wdl 999,1,0]}) 16. Nbxd6 Bxd6 17. Nxd6 Qxb2 18. Nxe8 Nxe8 19. Rb1 $1 $18 {In Gewinnstellung der beste Zug.} Qxc2 20. Qxc2 Rxc2 21. Rxb7 Ndf6 22. Rd1 {Droht mit dem tödlichen Vormarsch des d-Bauern.} Nd6 23. Rxa7 {Weiss hat eine pure Qualität mehr und zudem einen Freibauer auf der d-Linie. Solche Stellung sind bei genauem Spiel zu gewinnen. Wenn es Weiss gelingt, den schwarzen Turm zu tauschen, wäre es nur noch eine technische Sache, den Sieg zu holen. Aber gerade solche Überlegungen sind unseren Oldies fern. Deshalb ist der Kampf noch nicht entschieden.} g6 24. Ra8+ {Ein systematischer Gewinnweg könnte wie folgt aussehen:} (24. Ra6 Nfe8 25. Rc1 Rxc1+ (25... Rb2 26. f4 $18) 26. Bxc1 Kf8 27. Ra7 Kg7 28. Bb2 Nc4 29. Bc3 Ned6 30. Bb4 Kf6 31. f3 Ne8 32. Ra6+ Kf5 33. Rc6 Ne3 34. Bd2 Kf4 (34... Nxd5 35. g4#) 35. Kf2 e4 36. Bxe3+ Ke5 37. fxe4 Kxe4 38. d6 $18) 24... Kg7 25. Ra6 Nfe4 26. Rc1 Re2 27. Kf1 Rb2 28. Rcc6 {Deutlich stärker ist 28.g4, was Sf5 verhindert.} Nf5 29. Ra4 Nd2+ 30. Ke1 Nb3 31. Rc3 {Der Vormarsch des Freibauern nach d6 hätte rasch entschieden.} Nd6 32. Ra6 Rb1+ 33. Ke2 Nb5 34. Rc8 N3d4+ 35. Kd2 Rb2+ 36. Kc1 Rb3 37. Bxd4 Nxd4 38. Rc7 Ne2+ 39. Kd1 Nc3+ 40. Kc2 Nxd5 41. Rxf7+ Kxf7 42. Kxb3 {Die Lage hat sich endgültig zugunsten von Weiss entwickelt.} Nf4 43. Ra7+ Ke6 44. Rxh7 {Weshalb gibt Weiss den g2-Bauern her. Nach 44.g3 kann der Bauer h7 auch einen Zug später geschlagen werden.} Nxg2 45. Kc4 Nf4 46. Rg7 Kf5 47. f3 $2 {Ein schwerer Fehler, wonach die Partie bei korrektem Spiel auf beiden Seiten nicht mehr zu gewinnen ist.} Kf6 48. Rg8 Kf7 49. Rb8 Ke6 50. Rb6+ {[#]} Kf7 $2 {[%mdl 2] Das ***VERLIERT Nr. 2*** wieder. Schwarz darf sich den König nicht abschneiden lassen. Der Scorpio 68000 sel. 4 findet in der Folge keinen Gewinnplan und zieht planlos mit dem Turm herum.} ({PROMENADE-avx2:} 50... Kf5 51. Rb8 g5 52. Rg8 Nh5 53. Kc5 Nf6 54. Rf8 Ke6 55. Kc4 Kf5 56. Kc3 Kg6 57. Kd3 Kf5 58. Ke3 Ke6 59. Ra8 Kf5 {[%eval 0,97] [%wdl 2,996,2]}) 51. Rd6 Ke7 52. Rc6 Kd7 53. Rb6 Ke7 54. Kc5 Kd7 55. Kb5 Ne6 56. Kc4 Nf4 57. Rf6 Ke7 58. Ra6 Kf7 59. Rc6 Ke7 60. Rc7+ $2 {Weiss lässt den gegnerischen König wieder ins Spiel kommen und kann deshalb nicht mehr gewinnen.} Ke6 61. Rc8 Kd7 62. Rg8 Ke6 63. Rf8 Ke7 64. Rh8 Kf7 (64... Ke6 65. Kc5 Nd3+ 66. Kc6 Ne1) 65. Rc8 (65. Kc5 Ke6 66. Re8+ Kf6 67. Kd6 Nd3 68. Re6+ Kf5 (68... Kg5 69. Rxe5+ Nxe5 70. Kxe5 $18 {und gewinnt das Bauernendspiel}) 69. h4 $1 {bringt den Gegner in Zugzwang} Nf4 (69... Kf4 70. Rxg6 Kxf3 71. h5 $18) 70. Rxe5+ Kf6 71. Re8 Kf7 72. Re4 Nd3 73. f4 Kf6 74. Kd5 Kf5 75. Re5+ $1 Kf6 (75... Nxe5 76. fxe5 $18) 76. Ke4 Nf2+ 77. Kd4 Ng4 78. h5 Kf7 79. hxg6+ Kf6 80. g7 $18) 65... Ke6 66. Ra8 Ke7 $2 $18 {[%mdl 2] ***VERLIERT Nr. 3*** wieder. Remis halten folgende Züge:} (66... Kf5 67. Rf8+ Ke6 68. Rg8 Kf7 (68... Kf5 $2 69. Kc5 $1 $18) 69. Ra8 Ke6 $11) (66... g5 67. Rg8 Kf5 68. Kc5 e4 69. Rf8+ Kg6 70. Rg8+ Kf5 $11) 67. Ra4 $2 $11 {Vom Gewinn zum Remis. Sowohl 67.Ta6, was den schwarzen König abschneidet, als auch 67.Kc5, wo der weisse König auf d6 in die gegnerische Stellung einbricht, sichern den Sieg.} Kd6 $2 {[%mdl 2] Stürzt erneut in den ***VERLUST Nr. 4***. Der König musste nach e6, so dass nach einem Turmschach auf a6 das Feld f5 zur Verfügung steht.} 68. Ra1 $2 $11 {Verpatzt wieder den mit 68.Ta6+ möglichen Gewinn.} Ke6 69. Ra7 Kf6 $2 {[%mdl 2] Erneuter ***VERLUSTZUG Nr. 5***. Richtig waren 69...Ke6 oder 69...g5.} 70. Kc5 $1 Ke6 71. Ra6+ $1 Ke7 (71... Kf5 72. Kd6 $18) 72. Rd6 Kf7 73. Rb6 {oder} (73. Kc6 Ke7 74. Rd7+ Ke6 75. Rd8 Ke7 76. Rh8 g5 77. Rg8 Kf6 78. Kd6 $18) 73... Ke7 74. Rb8 Kd7 75. h4 $2 $11 {Verliert ein wichtiges Tempo und dieser Bauer ist durch Sf4-g2xh4 angreifbar. Nach 75.Th8! +- wäre Schwarz wieder in Zugzwang geraten.} Ke7 76. Kc6 Nh5 $2 $18 {[%mdl 2] Das ***VERLIERT Nr. 6*** wieder, bzw. sollte verlieren. Remis macht:} (76... Ng2 $1 77. Rh8 Ke6 78. h5 (78. Kc5 Ne1 79. Rf8 Ke7 $11) (78. Re8+ Kf5 $11) 78... gxh5 79. Rxh5 Ne1 80. Rh3 Kf5 81. Kd5 Kf4 82. Rh4+ Kxf3 83. Kxe5 $11) 77. Rg8 Nf4 78. Ra8 $2 $11 (78. Rh8 Ke6 79. Re8+ Kf6 80. Kd6 $18) 78... Ng2 79. Ra4 Ke6 $2 $18 {[%mdl 2] ***VERLUSTZUG Nr. 7***} (79... Ne1 $1 $11) 80. Rg4 Nf4 81. Rg5 Kf6 82. Kd6 $1 {Weiss hat es endlich geschafft, seinen König nach d6 zu stellen und den Gegner in Zugzwang zu bringen.} Nd3 83. Rg1 Kf5 84. Ke7 Kf4 85. Rxg6 {Jetzt muss der weisse Freibauer auf der h-Linie die Entscheidung bringen.} Kxf3 86. h5 Nf4 {[#]} 87. Rg5 $2 {Ein schlimmer Fehler, der den Gewinn wegwirft. Schwarz kann nun den Springer für den h5-Bauern opfern und dann seinen e-Bauern vorrücken. Dieser kann nur noch durch ein Rückopfer des Turms an der Umwandlung gehindert werden.} (87. Rf6 $1 {gewinnt einfach} e4 88. h6 e3 89. Ra6 e2 90. Ra1 Ng6+ 91. Ke8 Kf2 92. h7 e1=Q+ 93. Rxe1 Kxe1 94. Kf7 Nh8+ 95. Kg7 $18) 87... Nxh5 $1 {Bereits nach rund 3 Min bemerkt der Scorpio 68000 sel. 4, dass 87...e4 verliert, -03.29, Suchtiefe 10 und schwenkt dann zu diesem Springeropfer. Nach 10 Min. habe ich das Opfer ausgespielt, Scorpio: -03.21, d12 12-13.} (87... e4 88. h6 e3 {Das ist nach 11m 33s bei Suchtiefe 9, Ast 7 mit Bewertung von +2.66 die vom Mach III berechnete Variante. Das Remisopfer 87...Sxh5 ist nicht auf dem Schirm des Mach III. Das Fidelity Programm hat demnach keinen blassen Schimmer von diesem Endspiel.}) 88. Rxh5 {Mach III: +3.33, ST 9, Ast 3 nach 10 Min Bedenkeit. Irgendwie fast nicht zu glauben, dass der Mach III noch immer "schläft" und vom Remis keine Ahnung hat. Davon zeugt auch die gar noch gestiegene Bewertung.} e4 {Scorpio 68000 sel. 4: -02.87, d11 08-09, nach 10 Min., das heisst ebenso ahnungslos vom Remis wie sein Gegner.} 89. Rf5+ {Mach III: +3.10, ST 9 nach 16:12 Min und somit selbst jetzt ist das Programm von Kathe & Dan Spracklen völlig ahnunglos.} Kg3 {Scorpio 68000 sel. 4: -02.79, d11 04-05 nach 10 Min. Das Kittinger Programm verkennt die Lage ebenfalls völlig.} 90. Re5 {Mit +2.96, ST 9, 1. Ast, liegt der Mach III noch immer völlig daneben.} Kf3 {Scorpio 68000 sel. 4: -02.53, d12 08-09, nach 10 Min. und somit fehlt dem Programm ebenfalls noch der Durchblick.} 91. Ke6 {Kaum zu glauben: Mach III +3.05, ST 9, 10. Ast, nach 07:35 Min. ist unverändert ahnungslos.} e3 {Scorpio 68000 sel. 4: 00.00, d09 07-08 knapp vor 60 Sekunden geht also beim Kittinger Programm das Licht auf.} 92. Kd5 {Endlich bei ST 8, Ast 1, kommt beim Mach III das erlösende 0.00 zum Tragen.} e2 93. Kd4 Kf2 94. Rf5+ Kg3 95. Re5 Kf2 96. Kd3 e1=Q 97. Rxe1 Kxe1 {***REMIS MATERIAL***} 1/2-1/2